| 000 | 00788cam a2200253 a 4500 | ||
|---|---|---|---|
| 001 | 2101521 | ||
| 003 | OSt | ||
| 005 | 20140818145628.0 | ||
| 008 | 951211s1995 dcua b i000 0 spa | ||
| 010 | _a 95232919 | ||
| 020 | _a92-75-31552-3 | ||
| 040 | _cBMC | ||
| 082 | _a613.0433 | ||
| 082 | _a155.5 | ||
| 245 | 0 | 3 |
_aLa salud del adolescente y del joven _ceditores, Matilde Maddaleno ... [et al.] |
| 250 | _a1ª reimp | ||
| 260 |
_aWashington _bOrganización Panamericana de la Salud _c1996 |
||
| 300 |
_aXIV, 572 p. _bil. _c25 cm |
||
| 490 | 1 |
_aPublicación científica / Organización Panamericana de la Salud _v552 |
|
| 650 | 2 | 4 |
_aAdolescentes _xPsicología _95104 |
| 650 | 2 | 4 |
_923917 _aAdolescentes _xSalud e higiene |
| 700 | 1 |
_aMaddaleno, Matilde _923916 |
|
| 942 |
_2ddc _cBK |
||
| 999 |
_c13028 _d13028 |
||